Library of the University of Algiers 3
Ibrahim Sultan Cheibout
شعار جامعة الجزائر 3
مكتبة جامعة الجزائر 3
إبراهيم سلطان شيبوط

التسويق المبسط : (رقم التسجيلة. 45713)

تفاصيل مارك
000 -LEADER
fixed length control field 00981nam a2200241Ia 4500
003 - CONTROL NUMBER IDENTIFIER
control field Ost
005 - DATE AND TIME OF LATEST TRANSACTION
control field 20260507075656.0
008 - FIXED-LENGTH DATA ELEMENTS--GENERAL INFORMATION
fixed length control field 260507s9999||||xx |||||||||||||| ||und||
040 ## - CATALOGING SOURCE
Transcribing agency fsecg
041 ## - LANGUAGE CODE
Language code of text/sound track or separate title ara
082 ## - DEWEY DECIMAL CLASSIFICATION NUMBER
Classification number 658.8
100 ## - MAIN ENTRY--PERSONAL NAME
Personal name كريستول، ستيفن م.
Relator term مؤلف
245 #0 - TITLE STATEMENT
Title التسويق المبسط :
Remainder of title انتهاء تعقيدات وفوضى وتشويش العلامات التجارية /
Statement of responsibility, etc. ستيفن م. كريستول
260 ## - PUBLICATION, DISTRIBUTION, ETC.
Place of publication, distribution, etc. الرياض:
Name of publisher, distributor, etc. مكتبة العبيكان,
Date of publication, distribution, etc. 2004
300 ## - PHYSICAL DESCRIPTION
Extent 388 صفحة؛
Other physical details إيضاحات ؛
Dimensions 24 سم
504 ## - BIBLIOGRAPHY, ETC. NOTE
Bibliography, etc. note المراجع ص.383
520 ## - SUMMARY, ETC.
Summary, etc. بيئة البيع والشراء في العصر الرقمي، الاستراتيجية الأربع للتقدم، السعي إلى التبسير.
653 ## - INDEX TERM--UNCONTROLLED
Uncontrolled term التسويق
653 ## - INDEX TERM--UNCONTROLLED
Uncontrolled term التكنولوجيا
653 ## - INDEX TERM--UNCONTROLLED
Uncontrolled term العلامات التجارية
700 ## - ADDED ENTRY--PERSONAL NAME
Personal name سيلي، بيتر
Relator term مؤلف ثانوي
942 ## - ADDED ENTRY ELEMENTS (KOHA)
Koha item type كتب

لا توجد مواد متاحة.

موارد الويب المفتوحة


© University of Algiers 3 All Rights Reserved
|
Implemented by LECHELAH Riad